000 00438nmm a2200169Ia 4500
008 251105s9999||||xx |||||||||||||||||und||
020 _a9788490108604
041 _aspa
100 _aDonald, Robyn
245 0 _aUna noche en oriente
264 _a[Madrid, España] :
_bHarlequin,
_c2012
300 _a160 páginas
490 _aBianca
650 _aRomance
856 _uhttps://public.digitaliapublishing.com/a/50108
942 _cCF
999 _c87410
_d87410